[Event "GER-ch Net qual4 U14"]
[Site "Playchess.com INT"]
[Date "2009.06.17"]
[Round "1"]
[White "Muth, Matthias Potisarath"]
[Black "Oelfke, Nils Lukas"]
[Result "0-1"]
[WhiteElo "1567"]
[BlackElo "1260"]
[PlyCount "58"]
[EventDate "2009.06.17"]
[EventType "swiss (blitz)"]
[EventRounds "7"]
[EventCountry "GER"]
[SourceTitle "CBM 130 Extra"]
[Source "ChessBase"]
[SourceDate "2009.07.02"]
[SourceVersion "2"]
[SourceVersionDate "2009.07.15"]
[SourceQuality "1"]

1. c4 e5 2. g3 f5 3. Bg2 Nc6 4. Nc3 d6 5. d3 Nf6 6. Nf3 g6 7. 0-0 Bg7 8. Bg5 0-0 9. Qc1 Qe7 10. Nd5 Qf7 11. Bxf6 Bxf6 12. Nxf6+ Qxf6 13. Nd2 Bd7 14. e4 Qe7 15. exf5 Rxf5 16. f4 exf4 17. Re1 Qf6 18. Ne4 Qf7 19. Nc3 fxg3 20. Bd5 gxh2+ 21. Kh1 Rxd5 22. Nxd5 Qf3+ 23. Kxh2 Qf2+ 24. Kh1 Qh4+ 25. Kg2 Bh3+ 26. Kf3 Rf8+ 27. Ke2 Qf2+ 28. Kd1 Bg4+ 29. Re2 Qxe2# 0-1

[Event "GER-ch Net qual4 U14"]
[Site "Playchess.com INT"]
[Date "2009.06.17"]
[Round "6"]
[White "Oelfke, Nils Lukas"]
[Black "Krummsdorf, Sven"]
[Result "0-1"]
[WhiteElo "1260"]
[BlackElo "1484"]
[PlyCount "44"]
[EventDate "2009.06.17"]
[EventType "swiss (blitz)"]
[EventRounds "7"]
[EventCountry "GER"]
[SourceTitle "CBM 130 Extra"]
[Source "ChessBase"]
[SourceDate "2009.07.02"]
[SourceVersion "2"]
[SourceVersionDate "2009.07.15"]
[SourceQuality "1"]

1. e4 d5 2. exd5 Qxd5 3. Nc3 Qa5 4. d4 Nf6 5. Nf3 Bg4 6. Bd2 c6 7. h3 Bh5 8. g4 Bg6 9. Bc4 Nbd7 10. Bb3 0-0-0 11. Nh4 e5 12. dxe5 Qxe5+ 13. Qe2 Qc7 14. Nxg6 Re8 15. Qxe8+ Nxe8 16. Bxf7 hxg6 17. Bxe8 Qe5+ 18. Kd1 Qxe8 19. Re1 Qf7 20. f4 Bd6 21. Ne4 Bxf4 22. Bxf4 Qxf4 0-1

[Event "GER-ch U10"]
[Site "Willingen"]
[Date "2009.06.05"]
[Round "9"]
[White "Rempe, Moritz"]
[Black "Oelfke, Nils Lukas"]
[Result "1/2-1/2"]
[WhiteElo "1362"]
[BlackElo "1196"]
[PlyCount "96"]
[EventDate "2009.05.30"]
[EventType "swiss"]
[EventRounds "11"]
[EventCountry "GER"]
[SourceTitle "EXT 2010"]
[Source "ChessBase"]
[SourceDate "2010.11.25"]
[SourceVersion "1"]
[SourceVersionDate "2010.11.25"]
[SourceQuality "1"]

1. e4 c5 2. Nf3 g6 3. Bc4 Bg7 4. 0-0 Nc6 5. c3 e5 6. d3 Nge7 7. Be3 d6 8. d4 cxd4 9. cxd4 exd4 10. Nxd4 0-0 11. Nc3 Qc7 12. Bb3 Na5 13. Ndb5 Qc6 14. Qxd6 Qxd6 15. Nxd6 Nxb3 16. axb3 Be6 17. Rxa7 Rxa7 18. Bxa7 Nc6 19. Be3 Na5 20. b4 Nc4 21. Nxc4 Bxc4 22. Rd1 b5 23. g3 Re8 24. Kg2 Bxc3 25. bxc3 Rxe4 26. Rd8+ Kg7 27. Bd4+ Kh6 28. Kf3 f5 29. Be3+ g5 30. Rd6+ Re6 31. Rxe6+ Bxe6 32. h4 Kg6 33. Bxg5 h6 34. Bf4 Bc4 35. Ke3 h5 36. Be5 Kh6 37. f3 Kh7 38. Kf4 Kg6 39. g4 hxg4 40. fxg4 fxg4 41. Kxg4 Kh7 42. Kg5 Bd3 43. h5 Bc4 44. h6 Bd3 45. Bg7 Bc4 46. Kf5 Bd3+ 47. Ke5 Bc4 48. Kd4 Be2 1/2-1/2

[Event "Niedersachsen-ch U10"]
[Site "Rotenburg"]
[Date "2009.04.10"]
[Round "11"]
[White "Oelfke, Nils Lukas"]
[Black "Boehning, Kilian"]
[Result "1/2-1/2"]
[WhiteElo "1209"]
[BlackElo "1169"]
[PlyCount "96"]
[EventDate "2009.04.04"]
[EventType "swiss"]
[EventRounds "11"]
[EventCountry "GER"]
[SourceTitle "EXT 2010"]
[Source "ChessBase"]
[SourceDate "2010.11.25"]
[SourceVersion "1"]
[SourceVersionDate "2010.11.25"]
[SourceQuality "1"]

1. e4 c5 2. c3 Nc6 3. Nf3 e5 4. Bc4 d6 5. d3 Bg4 6. Qb3 Qe7 7. Nbd2 Be6 8. Bxe6 fxe6 9. 0-0 0-0-0 10. Nc4 Nf6 11. Be3 Qc7 12. Ncd2 Re8 13. Ng5 Na5 14. Qc2 h6 15. Ngf3 d5 16. exd5 exd5 17. Nb3 Nxb3 18. Qxb3 Qb6 19. Qxb6 axb6 20. d4 e4 21. Ne5 c4 22. b3 b5 23. Rfb1 Kc7 24. a4 bxa4 25. Rxa4 b5 26. Ra7+ Kb6 27. Rf7 Re7 28. Rxe7 Bxe7 29. bxc4 Ra8 30. Rxb5+ Kc7 31. Rb1 Bd6 32. c5 Bxe5 33. dxe5 Nd7 34. Bd4 Kc6 35. Kf1 Nxc5 36. Bxc5 Kxc5 37. Rb7 Re8 38. Rxg7 Rxe5 39. Ke2 Kc4 40. Rc7+ Kb3 41. Ke3 Rg5 42. Kd4 Rxg2 43. Kxd5 Rxf2 44. Kxe4 Rxh2 45. Kf3 Rc2 46. Kg4 Ka4 47. Rc6 Kb5 48. Rxh6 Rxc3 1/2-1/2

[Event "Niedersachsen-ch U10"]
[Site "Rotenburg"]
[Date "2009.04.08"]
[Round "7"]
[White "Oelfke, Nils Lukas"]
[Black "Henning, Yannick"]
[Result "1-0"]
[WhiteElo "1209"]
[BlackElo "988"]
[PlyCount "81"]
[EventDate "2009.04.04"]
[EventType "swiss"]
[EventRounds "11"]
[EventCountry "GER"]
[SourceTitle "EXT 2010"]
[Source "ChessBase"]
[SourceDate "2010.11.25"]
[SourceVersion "1"]
[SourceVersionDate "2010.11.25"]
[SourceQuality "1"]

1. e4 e5 2. Nf3 Nc6 3. Bc4 Bc5 4. c3 Nf6 5. d3 d6 6. b4 Bb6 7. a4 a6 8. 0-0 0-0 9. Nbd2 Be6 10. Re1 Ng4 11. Re2 Qf6 12. h3 Bxc4 13. Nxc4 Nxf2 14. Rxf2 Bxf2+ 15. Kxf2 b5 16. axb5 axb5 17. Rxa8 Rxa8 18. Na3 Qg6 19. Nxb5 Ra2+ 20. Bd2 h5 21. Qb1 Qe6 22. Nxc7 Rxd2+ 23. Nxd2 Qf6+ 24. Nf3 g5 25. Nd5 Qg7 26. g4 Qh6 27. Kg2 hxg4 28. hxg4 f6 29. Qa2 Kh7 30. Qa8 Nxb4 31. cxb4 Qg7 32. b5 Kg6 33. Qe8+ Kh7 34. Qe7 Kg6 35. Qxg7+ Kxg7 36. b6 Kg6 37. b7 f5 38. gxf5+ Kh5 39. b8Q Kg4 40. Nh2+ Kh5 41. Qh8# 1-0

[Event "Niedersachsen-ch U10"]
[Site "Rotenburg"]
[Date "2009.04.04"]
[Round "1"]
[White "Oelfke, Nils Lukas"]
[Black "Diederichs, Hannah"]
[Result "1-0"]
[WhiteElo "1209"]
[BlackElo "768"]
[PlyCount "81"]
[EventDate "2009.04.04"]
[EventType "swiss"]
[EventRounds "11"]
[EventCountry "GER"]
[SourceTitle "EXT 2010"]
[Source "ChessBase"]
[SourceDate "2010.11.25"]
[SourceVersion "1"]
[SourceVersionDate "2010.11.25"]
[SourceQuality "1"]

1. e4 e6 2. d4 d5 3. Nc3 c6 4. Nf3 Bb4 5. e5 Bxc3+ 6. bxc3 Qb6 7. Ba3 Qa5 8. Bb4 Qc7 9. Bd3 b6 10. Bd6 Qb7 11. Rb1 Na6 12. 0-0 Qd7 13. Qe2 c5 14. Bxa6 Qa4 15. Bxc8 Rxc8 16. dxc5 bxc5 17. Qb5+ Qxb5 18. Rxb5 c4 19. Rb8 Rxb8 20. Bxb8 Nh6 21. Bxa7 0-0 22. Bd4 Ra8 23. Ra1 Nf5 24. g4 Nxd4 25. cxd4 Ra3 26. Ne1 f5 27. gxf5 exf5 28. f4 Re3 29. a4 Re2 30. a5 Re3 31. a6 g6 32. a7 Rh3 33. a8Q+ Kg7 34. Ra7+ Kh6 35. Qf8+ Kh5 36. Rxh7+ Kg4 37. Rxh3 Kxh3 38. e6 Kg4 39. Qh6 c3 40. Qg5+ Kh3 41. Qg3# 1-0

[Event "Niedersachsen-ch op"]
[Site "Verden"]
[Date "2009.01.05"]
[Round "5"]
[White "Oelfke, Nils Lukas"]
[Black "Petrov, Iouri"]
[Result "1-0"]
[WhiteElo "1076"]
[BlackElo "1234"]
[PlyCount "59"]
[EventDate "2009.01.03"]
[EventType "swiss"]
[EventRounds "7"]
[EventCountry "GER"]
[SourceTitle "EXT 2012"]
[Source "ChessBase"]
[SourceDate "2011.11.24"]
[SourceVersion "1"]
[SourceVersionDate "2011.11.24"]
[SourceQuality "1"]

1. c4 Nf6 2. Nc3 e6 3. d4 d5 4. cxd5 Nxd5 5. e4 Nf6 6. Bf4 Bb4 7. Qa4+ Nc6 8. Bb5 Bd7 9. Bxc6 Bxc3+ 10. bxc3 Bxc6 11. Qc4 Nxe4 12. f3 Qh4+ 13. g3 Qe7 14. Ke2 Qd7 15. fxe4 Bb5 16. Qxb5 Qxb5+ 17. Ke3 Qb2 18. Ne2 0-0-0 19. a4 Qb6 20. Rhb1 Qc6 21. g4 f6 22. Rb5 Qd7 23. e5 fxe5 24. Bxe5 c6 25. Rb4 Qf7 26. Ng3 Rhf8 27. Rf1 Qg6 28. Rxf8 Rxf8 29. Ne4 Qg5+ 30. Nxg5 1-0

[Event "Niedersachsen-ch op"]
[Site "Verden"]
[Date "2009.01.05"]
[Round "6"]
[White "Vogel, Jannis"]
[Black "Oelfke, Nils Lukas"]
[Result "0-1"]
[WhiteElo "1416"]
[BlackElo "1076"]
[PlyCount "78"]
[EventDate "2009.01.03"]
[EventType "swiss"]
[EventRounds "7"]
[EventCountry "GER"]
[SourceTitle "EXT 2012"]
[Source "ChessBase"]
[SourceDate "2011.11.24"]
[SourceVersion "1"]
[SourceVersionDate "2011.11.24"]
[SourceQuality "1"]

1. d4 Nf6 2. c4 c5 3. dxc5 Na6 4. Nc3 e5 5. Bg5 h6 6. Bd2 Bxc5 7. a3 0-0 8. Qc2 b6 9. e4 Ng4 10. Nh3 d6 11. f3 Nf6 12. 0-0-0 Nc7 13. g4 g5 14. Ng1 Bf2 15. Be1 Bxe1 16. Rxe1 Ne6 17. Qf2 Nd7 18. h4 Nf4 19. hxg5 Qxg5 20. Kc2 Nc5 21. Nh3 Nxh3 22. Rxh3 Be6 23. Be2 Kg7 24. Reh1 Rh8 25. Rh5 Qf4 26. Nb5 Nxe4 27. Qg2 Ng3 28. Nxd6 Nxh1 29. Rxh1 Rad8 30. Rd1 Kh7 31. Bd3+ Kg7 32. Ne4 f6 33. Ng3 Kf7 34. Ne2 Qg5 35. Nc3 f5 36. Rg1 fxg4 37. fxg4 Rd4 38. Qb7+ Rd7 39. Rf1+ Ke7 0-1

[Event "Niedersachsen-ch op"]
[Site "Verden"]
[Date "2009.01.04"]
[Round "4"]
[White "Elborg, Cornelia"]
[Black "Oelfke, Nils Lukas"]
[Result "1-0"]
[WhiteElo "1369"]
[BlackElo "1076"]
[PlyCount "35"]
[EventDate "2009.01.03"]
[EventType "swiss"]
[EventRounds "7"]
[EventCountry "GER"]
[SourceTitle "EXT 2012"]
[Source "ChessBase"]
[SourceDate "2011.11.24"]
[SourceVersion "1"]
[SourceVersionDate "2011.11.24"]
[SourceQuality "1"]

1. e4 e5 2. Bc4 Nf6 3. d3 Nc6 4. c3 Bc5 5. Nf3 d5 6. exd5 Nxd5 7. 0-0 0-0 8. Re1 Re8 9. Nbd2 Bg4 10. h3 Bh5 11. Ne4 Bb6 12. Ng3 Bxf3 13. Qxf3 Nf6 14. Nh5 Rf8 15. Bg5 Bc5 16. Bxf6 Qd7 17. Bxg7 Qe7 18. Qg3 1-0

[Event "Niedersachsen-ch op"]
[Site "Verden"]
[Date "2009.01.03"]
[Round "1"]
[White "Oelfke, Nils Lukas"]
[Black "Hentrop, Malte"]
[Result "0-1"]
[WhiteElo "1076"]
[BlackElo "1537"]
[PlyCount "58"]
[EventDate "2009.01.03"]
[EventType "swiss"]
[EventRounds "7"]
[EventCountry "GER"]
[SourceTitle "EXT 2012"]
[Source "ChessBase"]
[SourceDate "2011.11.24"]
[SourceVersion "1"]
[SourceVersionDate "2011.11.24"]
[SourceQuality "1"]

1. c4 Nf6 2. Nc3 c5 3. g3 e6 4. e4 Nc6 5. Nf3 d6 6. d3 Be7 7. Bg2 0-0 8. 0-0 Rb8 9. a3 a6 10. Qa4 Bd7 11. Qc2 b5 12. cxb5 axb5 13. Be3 b4 14. axb4 Nxb4 15. Qd2 e5 16. Bg5 Qb6 17. Nh4 Nc6 18. Rab1 Nd4 19. Nd5 Nxd5 20. exd5 Bxg5 21. Qxg5 Ba4 22. Be4 Bc2 23. Qh5 h6 24. Rfc1 Bxb1 25. Rc4 Qxb2 26. Rxd4 Qc1+ 27. Kg2 Qg5 28. Bh7+ Kxh7 29. Qxg5 hxg5 0-1

[Event "GER-ch U10"]
[Site "Willingen"]
[Date "2008.05.11"]
[Round "9"]
[White "Kempe, Anne"]
[Black "Oelfke, Nils Lukas"]
[Result "1-0"]
[WhiteElo "1103"]
[BlackElo "921"]
[PlyCount "125"]
[EventDate "2008.05.11"]
[EventType "swiss"]
[EventRounds "11"]
[EventCountry "GER"]
[SourceTitle "CBM 124 Extra"]
[Source "ChessBase"]
[SourceDate "2008.07.03"]
[SourceVersion "1"]
[SourceVersionDate "2008.07.03"]
[SourceQuality "1"]

1. e4 e5 2. Bc4 Nf6 3. d4 exd4 4. Nf3 Bb4+ 5. Bd2 Bxd2+ 6. Nbxd2 0-0 7. e5 Re8 8. 0-0 Ng4 9. Re1 Nc6 10. Re4 Ngxe5 11. Nxd4 d5 12. Nxc6 bxc6 13. Rd4 Be6 14. Be2 c5 15. Ra4 Rb8 16. Rxa7 Nc6 17. Ra3 Bf5 18. Rc3 Nb4 19. Bf3 Qd6 20. Nb3 c4 21. Nd4 Bg6 22. a3 c5 23. Ne2 Nxc2 24. Bxd5 Qe5 25. Bxc4 Nxa1 26. a4 Bh5 27. f3 Rxb2 28. Kf1 Bg6 29. Bb5 f6 30. Bxe8 Rb1 31. Rc1 Rxc1 32. Qxc1 Qxe8 33. Qxa1 Bd3 34. Qa2+ c4 35. a5 Kf8 36. Kf2 f5 37. a6 Qa8 38. Qa3+ Ke8 39. Nf4 Qa7+ 40. Ke1 Qe3+ 41. Kd1 Qg1+ 42. Kd2 Qf2+ 43. Kc3 Qe1+ 44. Kd4 Qf2+ 45. Kd5 c3 46. Nxd3 Qb6 47. a7 Qd8+ 48. Qd6 Qa5+ 49. Qc5 Qd8+ 50. Kc4 c2 51. Qe5+ Kf7 52. Qd5+ Qxd5+ 53. Kxd5 f4 54. a8Q h5 55. Qa2 h4 56. Ke5+ Kg6 57. Nxf4+ Kh7 58. Qxc2+ Kg8 59. Kf5 h3 60. Kg6 Kf8 61. Qc7 hxg2 62. Ne6+ Ke8 63. Qf7# 1-0

[Event "GER-ch U10"]
[Site "Willingen"]
[Date "2008.05.11"]
[Round "10"]
[White "Mueller, Max Ferdinand"]
[Black "Oelfke, Nils Lukas"]
[Result "0-1"]
[WhiteElo "800"]
[BlackElo "921"]
[PlyCount "60"]
[EventDate "2008.05.11"]
[EventType "swiss"]
[EventRounds "11"]
[EventCountry "GER"]
[SourceTitle "CBM 124 Extra"]
[Source "ChessBase"]
[SourceDate "2008.07.03"]
[SourceVersion "1"]
[SourceVersionDate "2008.07.03"]
[SourceQuality "1"]

1. e4 e5 2. Nf3 Nc6 3. Bc4 Nf6 4. d3 Be7 5. 0-0 0-0 6. Nc3 h6 7. Nh4 Nxe4 8. dxe4 Bxh4 9. Qh5 Na5 10. Bb3 Nxb3 11. axb3 d6 12. Bxh6 gxh6 13. Qxh6 Qf6 14. Qxf6 Bxf6 15. Nd5 Bd8 16. Rae1 c6 17. Nc3 Bg5 18. Rd1 Rd8 19. Rd3 f6 20. Rg3 Kf7 21. Rd1 Be6 22. Rdd3 d5 23. Rdf3 dxe4 24. Rxg5 exf3 25. Rg3 fxg2 26. Rxg2 Rg8 27. Rxg8 Rxg8+ 28. Kh1 Bf5 29. Ne2 Be4+ 30. f3 Bxf3# 0-1